000 00655nam a22002057a 4500
003 OSt
005 20220822132105.0
008 220822b |||||||| |||| 00| 0 eng d
020 _a8185274746
040 _cIFM Library
082 _a515.1
100 _aWHITTAKER,E.T
_94637
245 _aA Course of Modern Analysis
260 _aNew Delhi:
_bPearl Offset Press,
_c1991
300 _a608p
_bill;21cm
500 _aIncluding Index
650 _aAN INTRODUCTION TO THE GENERAL THEORY OF INFINITE PROCESSES AND OF ANALYTIC FUNCTIONS; WITH AN ACCOUNT OF THE PRINCIPAL TRANSCENDENTAL FUNCTIONS
_94638
700 _aWATSON, G.N
_94639
942 _cBK
_2ddc
_n0
999 _c20527
_d20527